000 01035cam a2200265 a 4500
001 15206218
003 OSt
005 20161206020007.0
008 080305s2008 txua b 000 0 eng
010 _a 2008924336
020 _a9781556712128 (pbk. : alk. paper)
040 _aDLC
_cDLC
_dDLC
050 0 0 _aBS2745.53
_b.B43 2008
100 1 _aBean, Mark Ellis.
_936716
245 1 0 _aTranslator's notes on 1 Timothy :
_bhelps on understanding and translating Paul's first letter to Timothy /
_cMark Ellis Bean.
260 _aDallas, TX :
_bSIL International,
_cc2008.
300 _a179, 16 p. :
_bill. ;
_c28 cm.
490 0 _aTranslator's notes
504 _aIncludes bibliographical references (p. 165-168).
630 0 0 _aBible.
_pTimothy, 1st
_vCommentaries.
_926066
630 0 0 _aBible.
_pTimothy, 1st
_xTranslating.
_936717
906 _a7
_bcbc
_corignew
_d3
_eepcn
_f20
_gy-gencatlg
942 _2lcc
_cBK
_04
999 _c61578
_d61552